[Event "4NCL/Div4/HAL vs. CONQ2"]
[Site "Staverton Park ENG"]
[Date "2008.02.10"]
[Round "6.2"]
[White "Paul, Barnaby"]
[Black "Doran, Michael J"]
[Result "1/2-1/2"]
[WhiteElo "1670"]
[BlackElo "1980"]
[PlyCount "53"]
[EventDate "2008.02.10"]
[EventType "team"]
[SourceDate "2007.09.15"]

1. c4 Nf6 2. Nc3 e6 3. g3 c5 4. Bg2 Nc6 5. e3 d5 6. cxd5 exd5 7. d4 cxd4 8.
exd4 Be7 9. Nge2 O-O 10. O-O a6 11. h3 b5 12. Nf4 Be6 13. Nxe6 fxe6 14. Re1 Qd7
15. a3 Bd6 16. b4 Rae8 17. Bb2 Kh8 18. Ne2 e5 19. dxe5 Bxe5 20. Bxe5 Nxe5 21.
Nf4 d4 22. Nd3 Nc4 23. Rxe8 Rxe8 24. Nc5 Qd6 25. Qd3 Ne5 26. Qd2 Nc4 27. Qd3
1/2-1/2

[Event "4NCL/Div4/HAL vs. CONQ2"]
[Site "Staverton Park ENG"]
[Date "2008.02.10"]
[Round "6.4"]
[White "Foster, Caroline"]
[Black "Asbury, Jon A"]
[Result "0-1"]
[WhiteElo "1560"]
[BlackElo "1870"]
[PlyCount "42"]
[EventDate "2008.02.10"]
[EventType "team"]
[SourceDate "2007.09.15"]

1. d4 Nf6 2. Nf3 g6 3. e3 Bg7 4. Bd3 d6 5. Nbd2 O-O 6. O-O Bg4 7. Re1 Nbd7 8.
h3 Bxf3 9. Nxf3 e5 10. e4 exd4 11. Nxd4 Re8 12. Bf4 Nh5 13. Bh2 Bxd4 14. c3 Bg7
15. Qf3 Ne5 16. Bxe5 Bxe5 17. Bc4 Qf6 18. Qxf6 Bxf6 19. Re2 Nf4 20. Re3 Rad8
21. Rd1 c6 0-1

[Event "4NCL/Div4/repaired-friendly"]
[Site "Staverton Park ENG"]
[Date "2008.02.10"]
[Round "6"]
[White "Graham, Neil"]
[Black "Llewelyn, John D"]
[Result "1/2-1/2"]
[WhiteElo "1895"]
[BlackElo "1810"]
[PlyCount "51"]
[EventDate "2008.02.10"]
[EventType "game"]
[SourceDate "2007.09.15"]

1. d4 Nf6 2. f3 g6 3. e4 d6 4. Bd3 Bg7 5. c4 O-O 6. Nc3 e5 7. d5 Nh5 8. Nge2 f5
9. exf5 gxf5 10. Be3 Nf6 11. Qc2 Qe8 12. O-O-O e4 13. fxe4 Ng4 14. Bg1 f4 15.
h3 Ne5 16. Bd4 Nbd7 17. Rdf1 Bh6 18. Kb1 c6 19. Bxe5 Nxe5 20. Nd4 c5 21. Nf3
Bd7 22. Nxe5 Qxe5 23. Rf3 Kh8 24. Rhf1 Rf7 25. Ne2 Raf8 26. Qc3 1/2-1/2

[Event "4NCL/Div4/repaired-friendly"]
[Site "Staverton Park ENG"]
[Date "2008.02.10"]
[Round "6"]
[White "Larter, Nick"]
[Black "Healey, Michael"]
[Result "1/2-1/2"]
[WhiteElo "1780"]
[BlackElo "2013"]
[PlyCount "53"]
[EventDate "2008.02.10"]
[EventType "game"]
[SourceDate "2007.09.15"]

1. e4 e5 2. Bc4 Nf6 3. d4 exd4 4. Nf3 Nc6 5. O-O Nxe4 6. Re1 d5 7. Bxd5 Qxd5 8.
Nc3 Qd8 9. Nxe4 Be7 10. Bg5 O-O 11. Bxe7 Qxe7 12. Nxd4 Qh4 13. Nxc6 bxc6 14.
Qf3 Rb8 15. b3 f5 16. Qg3 Qxg3 17. Nxg3 Kf7 18. Ne2 Bd7 19. Rad1 Rbd8 20. c4
Rfe8 21. Nf4 Bc8 22. Kf1 g5 23. Nd3 Kf6 24. Nb4 Bb7 25. Rxe8 Rxe8 26. Rd7 Re7
27. Rd8 1/2-1/2